Geografické štúdie

Bibliographic Details
Previous Title:Acta Universitatis Matthiae Belii. Geografické štúdie
Other Authors: Michal, Pavel, 1948- (Compiler)
Format: Serial
Language:Slovak
PhysicalDescription:17 zv. mp., sch., tab. 29 cm
Published: Banská Bystrica Univerzita Mateja Bela 1997-2013
ISBN:8080551057
Series:Acta Universitatis Matthiae Belii
Subjects:

MARC

LEADER 00000cas a2200000 a 4500
001 vtls001357568
003 SK-MaSNL
005 20260425193955.0
008 160415d19972013xo ar r 0yy0b0slo
015 |a SNBA1999/07-02544 
020 |a 8080551057 
035 |a SNK000311067 
040 |a SNK  |b slo  |c SNK  |e AACR2 
041 0 |a slo 
043 |a e-xo--- 
044 |a xo  |c SK 
072 7 |a 91  |x Geografia ako veda. Výskum. Cestovanie  |2 konspekt 
080 |a 911  |2 2011 
080 |a (437.64)  |2 2011 
080 |a (082)  |2 2011 
080 |a 050  |2 2011 
245 0 0 |a Geografické štúdie 
260 |a Banská Bystrica  |b Univerzita Mateja Bela  |c 1997-2013 
300 |a 17 zv.  |b mp., sch., tab.  |c 29 cm 
310 |a 1x ročne 
362 |a 1997-2013  |z SKP 
490 0 |a Acta Universitatis Matthiae Belii 
500 |a Zostavovateľ: Pavel Michal 
504 |a Bibliogr. 
650 0 7 |a geografia  |2 SNKPH  |9 823 
651 7 |a Slovensko stredné  |2 SNKPHgeo  |9 163655 
655 7 |a zborníky  |2 SNKPH  |9 70165 
700 1 |a Michal, Pavel,  |d 1948-  |4 com  |9 114930 
780 0 0 |t Acta Universitatis Matthiae Belii. Geografické štúdie 
830 |a Acta Universitatis Matthiae Belii  |9 265255 
910 |a snk 
919 |a 80-8055-105-7 
999 |c 407  |d 407 
952 |a SNK  |b SNK  |y PREZ  |7 0  |p 17A0195184  |o snkČSB 3229/1997  |i snkKSP 2819/99  |0 0  |1 0  |4 0  |d 1999-03-16  |l 0  |r 2005-01-02 00:00:00  |w 2026-02-21 
952 |a SNK  |b SNK  |y PREZ  |7 0  |p 17A0185599  |o snkČSB 3229/1997D1  |i snkKSP 2820/99  |0 0  |1 0  |4 0  |d 1999-03-16  |l 0  |r 2005-01-02 00:00:00  |w 2026-02-21